Big 4 teams in MAC NCAA states Quiz Stats

Quiz not verified by Sporcle

Challenge
Share
Tweet
Embed
Score 0/29 Timer 03:00
0 Plays Today
% Correct
Reds
97.4%
Lions
96.1%
White Sox
96.1%
Pistons
94.8%
Red Wings
94.8%
Tigers
94.8%
Browns
94.8%
Cavaliers
94.8%
Bengals
94.8%
Cubs
94.8%
Bulls
94.8%
Bears
93.5%
Blackhawks
93.5%
Indians
92.2%
Pacers
90.9%
% Correct
Colts
90.9%
Blue Jackets
85.7%
Nets
80.5%
Mets
80.5%
Islanders
80.5%
Yankees
79.2%
Knicks
79.2%
Rangers
79.2%
Bills
67.5%
Bruins
63.6%
Sabres
63.6%
Red Sox
62.3%
Patriots
61%
Celtics
58.4%

You're not logged in!

Compare scores with friends on all Sporcle quizzes.
Sign Up with Email
OR
Log In

You Might Also Like...

Show Comments

Extras

Top Quizzes Today


Score Distribution

Your Account Isn't Verified!

In order to create a playlist on Sporcle, you need to verify the email address you used during registration. Go to your Sporcle Settings to finish the process.